000 00405nam a22001577a 4500
005 20180711112122.0
008 160525b xxu||||| |||| 00| 0 eng d
041 _aeng
082 _b4879
_a658.15
100 _aChaudhuri, B.K.
_91235
245 _aFinance of foreign trade and Foreign Exchange
260 _aNew Delhi
_bAcademic Faundation
300 _a496p,
650 _aManagement
_9241
942 _cBK
999 _c1697
_d1696